00769cam a22002171 450000100060000000300080000600500170001400800390003103500190007003500190008904000320010804100110014008200200015110000370017124502020020825000110041026000420042130000280046350400310049170000290052232518BD-RjUL20211209051841.0140427s1965 xx 000 0 eng a(BD-RjUL)32607 a(OCoLC)1728398 aDLCcMBUdDLCdBD-RjULbeng1 aengper a297.1bGAS 19652 aGazur-i-Ilahi, Muhammad Ibrahim.14aThe secret of Ana'l-haqq :bbeing 300 odd irshādāt (or sayings) or Shaykh Ibrāhīm Gazur-i-Ilahi /cTranslated from Persian with notes and introd. by Khaja Khan. Foreword by M. Badiul Alam. a2d ed. aLahore :bSh. Muhammad Ashraf,c1965. axxxiv, 167 p. ;c22 cm. aBibliographical footnotes.0 aKhaja Khan,eed. and tr.